000 00574nam a22002057a 4500
003 OSt
005 20140310182927.0
008 130130t xxu||||| |||| 00| 0 eng d
020 _a9710868772
050 _aBJ66
_b.Ag25 2010
082 _aFIL 170.8
_bAg1 2010
245 _aEthics and the Filipino
_ba manual on morals for students and educators
_cAgapay, Ramon A.
260 _aMetro Manila :
_bNational Book Store,
_c1991
300 _a234 p. ;
_c22 cm.
521 _aCollege
526 _c1210L-1700L
541 _j1
562 _e1
942 _2lcc
_cBK
_kFIL
999 _c17452
_d17452